আমেরিকার প্রেসিডেন্ট নির্বাচন ১৯৬৪ / (Record no. 9323)
[ view plain ]
| 000 -LEADER | |
|---|---|
| fixed length control field | 01075nam a2200253 a 4500 |
| 001 - CONTROL NUMBER | |
| JCCL Control Number | 9323 |
| 003 - CONTROL NUMBER IDENTIFIER | |
| JCCL marc code | BD-JhCC |
| 005 - DATE AND TIME OF LATEST TRANSACTION | |
| control field | 20180524092512.0 |
| 008 - FIXED-LENGTH DATA ELEMENTS--GENERAL INFORMATION | |
| fixed length control field | 180312s1968 bg |||| ||a| 000 0 b d |
| 035 ## - SYSTEM CONTROL NUMBER | |
| system control number | (BD-JhCC)9323 |
| 040 ## - CATALOGING SOURCE | |
| Original cataloging agency | BD-JhCC |
| Modifying agency | BD-JhCC |
| 041 ## - LANGUAGE CODE | |
| Language code of Book | ben |
| 082 ## - DEWEY DECIMAL CLASSIFICATION NUMBER | |
| Classification number | 324.21 |
| Author mark and Year | WHI 1968 |
| 100 ## - MAIN ENTRY--PERSONAL NAME | |
| Personal name | হোয়াইট, থিওভোর এইস |
| 245 ## - TITLE STATEMENT | |
| Title | আমেরিকার প্রেসিডেন্ট নির্বাচন ১৯৬৪ / |
| Statement of responsibility, etc | থিওভোর এইস হোয়াইট এবং মোসলেম আলী বিশ্বাস, আখ তার-উল আলম, এ.কে.এম. মহিউদ্দিন, (অনু.) |
| 260 ## - PUBLICATION, DISTRIBUTION, ETC. (IMPRINT) | |
| Place of publication, distribution, etc | ঢাকা: |
| Name of publisher, distributor, etc | খোশরোজ কিতাব মহল; |
| Date of publication, distribution, etc | 1968. |
| 300 ## - PHYSICAL DESCRIPTION | |
| Pagination | 677 p. : |
| Dimensions | 21 cm. |
| 650 ## - SUBJECT ADDED ENTRY--TOPICAL TERM | |
| Topical term or geographic name as entry element | The preredent. |
| Geographic subdivision | United States. |
| 700 ## - ADDED ENTRY--PERSONAL NAME | |
| Personal name | বিশ্বাস, মোসলেম আলী |
| 700 ## - ADDED ENTRY--PERSONAL NAME | |
| Personal name | আলম,আখ তার-উল |
| 700 ## - ADDED ENTRY--PERSONAL NAME | |
| Personal name | মহিউদ্দিন,এ.কে.এম. |
| 942 ## - ADDED ENTRY ELEMENTS (KOHA) | |
| Source of classification or shelving scheme | Dewey Decimal Classification |
| Koha item type | Books |
| Source of classification or shelving scheme | Damaged status | Not for loan | Home library | Current library | Shelving location | Date of accession | Cost, normal purchase price | Total Checkouts | Full call number | Barcode | Date last seen | Copy number | Koha item type |
|---|---|---|---|---|---|---|---|---|---|---|---|---|---|
| Dewey Decimal Classification | JCC Rouf Library | JCC Rouf Library | General Stacks | 03/12/2018 | 5.00 | 324.21 WHI 1968 | 12373 | 03/12/2018 | C-1 | Books |